[Event "Porto Alegre op"]
[Site "Porto Alegre"]
[Date "2023.08.27"]
[Round "5"]
[White "Cenci, Luciano Krause"]
[Black "Silva E Souza, Arthur Nunes Da"]
[Result "0-1"]
[WhiteElo "1566"]
[BlackElo "1800"]
[PlyCount "124"]
[EventDate "2023.08.25"]
[EventType "swiss"]
[EventRounds "5"]
[EventCountry "BRA"]
[SourceTitle "EXT 2024"]
[Source "ChessBase"]
[SourceDate "2023.10.10"]
[SourceVersion "1"]
[SourceVersionDate "2023.10.10"]
[SourceQuality "1"]

1. d4 Nf6 2. c4 g6 3. Nf3 Bg7 4. g3 c6 5. Bg2 d5 6. 0-0 0-0 7. Nbd2 Bf5 8. Qb3 Qb6 9. c5 Qxb3 10. Nxb3 Nbd7 11. Bf4 Nh5 12. Bd2 b6 13. Rac1 Rac8 14. h3 Nhf6 15. Bf4 h6 16. g4 Be4 17. Ne5 Bxg2 18. Kxg2 g5 19. Bg3 Nxe5 20. Bxe5 Nd7 21. Bxg7 Kxg7 22. Rc3 b5 23. Rh1 e5 24. h4 f6 25. hxg5 fxg5 26. Rch3 Rf6 27. e3 e4 28. Na5 Rc7 29. Nb3 Nf8 30. Nd2 Rcf7 31. Rf1 Ng6 32. Kg3 Nh4 33. a3 Kg6 34. b3 a5 35. b4 a4 36. f3 Nxf3 37. Nxf3 Rxf3+ 38. Rxf3 Rxf3+ 39. Kg2 Rxh3 40. Kxh3 h5 41. Kg3 hxg4 42. Kxg4 Kh6 43. Kf5 Kh5 44. Ke6 g4 45. Kd6 g3 46. Kxc6 g2 47. Kb7 g1Q 48. c6 Qxe3 49. c7 Qxd4 50. c8Q e3 51. Qh3+ Kg5 52. Qg3+ Kf5 53. Qh3+ Ke5 54. Qh8+ Ke4 55. Qh7+ Kf3 56. Qh3+ Ke2 57. Qg2+ Kd1 58. Qf1+ Kd2 59. Qxb5 e2 60. Qc6 e1Q 61. b5 Qe7+ 62. Ka6 Qda7# 0-1

[Event "Porto Alegre op"]
[Site "Porto Alegre"]
[Date "2023.08.25"]
[Round "1"]
[White "Sosa, Alexandro Brum"]
[Black "Silva E Souza, Arthur Nunes Da"]
[Result "1-0"]
[WhiteElo "1862"]
[BlackElo "1800"]
[PlyCount "66"]
[EventDate "2023.08.25"]
[EventType "swiss"]
[EventRounds "5"]
[EventCountry "BRA"]
[SourceTitle "EXT 2024"]
[Source "ChessBase"]
[SourceDate "2023.10.10"]
[SourceVersion "1"]
[SourceVersionDate "2023.10.10"]
[SourceQuality "1"]

1. e4 c5 2. Nf3 d6 3. d4 cxd4 4. Nxd4 Nf6 5. f3 e5 6. Nb3 Be7 7. c4 Nc6 8. Be3 Be6 9. Nc3 0-0 10. Be2 h5 11. Qd2 Re8 12. Nd5 Nh7 13. 0-0 g6 14. Rfd1 Bg5 15. Rac1 a5 16. Nb6 Bxe3+ 17. Qxe3 Rb8 18. c5 Bxb3 19. Rxd6 Qg5 20. Qxg5 Nxg5 21. axb3 Red8 22. Bc4 Rxd6 23. cxd6 Rd8 24. d7 Nh7 25. Bd5 Nf8 26. Bxc6 bxc6 27. Rxc6 Ne6 28. Rc8 Kf8 29. Nc4 f6 30. Nxa5 Ke7 31. Nc6+ Kxd7 32. Rxd8+ Nxd8 33. Nxd8 Kxd8 1-0